000 00458nam a2200181Ia 4500
001 15076
005 20260306165001.0
008 260306t2000||||xx |||||||||||||| ||spa||
041 _aESP
082 _a530
_bE71E
100 _aGonzález Gallero, Francisco Javier
_eAUT
245 0 _aEjercicios de física:
_bresueltos y propuestos
260 _c2000
300 _a332 páginas :
_c30 cm.
650 _aGEN
654 _aCCN
942 _cLIB
_dJUS
_fJUS
_2ddc
_n
999 _c15076
_d15076